AK’s General Knowledge A-Z #74 - Statistics

General Stats
  • This quiz has been taken 258 times
  • The average score is 17 of 26
Answer Stats
Hint Answer % Correct
J – the largest feline on the American continent Jaguar
94%
K – “Head, shoulders, _____, and toes, _____ and toes” Knees
92%
O – author of Animal Farm and Nineteen Eighty-Four George Orwell
88%
F – 2-time Oscar winner Jodie; the name means fetus in Swedish Foster
86%
I – word meaning “between the stars”, or movie where a NASA pilot in another galaxy sees his daughter’s childhood bedroom Interstellar
84%
Q – ____ pro quo, or pound sterling Quid
84%
G – foodstuff whose rising consumption in the U.S. is likely due to the growth of the U.S. Latino population and the lifting of a ban on avocado imports Guacamole
81%
R – the first serving U.S. president to survive being shot in an assassination attempt Ronald Reagan
81%
H – 10 on Mohs scale shows that diamond is the _______ natural mineral Hardest
80%
L – was used in Italy and Malta until 2001 and is still being used in Turkey Lira
77%
U – to transfer data or files, especially from a personal computer to an Internet server Upload
76%
B – 2017 musical fantasy film, a live-action adaptation of Disney’s 1991 animated film of the same name, based on a fairy tale from 1756 Beauty and the Beast
70%
V – Foreigner’s album Double ______, or to imagine something Vision
70%
Y – the smallest and westernmost of Canada’s three territories Yukon
68%
Z – first name of Saldaña who started out as a dancer and became the only person to appear in all three of the highest-grossing films of all time (as of 2023) Zoe
68%
S – not Bucharest, but Coppola Sofia
66%
A – year in Catalan, or precedes thing or way in English Any
65%
D – Aerosmith's hit "_____ On", or Cao Xueqin’s book _____ of the Red Chamber Dream
65%
C – country where athletes Manuel Plaza and Marcelo Salas come from Chile
63%
N – N in ISBN Number
49%
W – The Real _____, TV show that launched the modern reality TV genre World
46%
P – possessed of a sense of what one is worth, or Disney Channel’s The _____ Family Proud
37%
T – the largest company in the video game industry, or a dime Tencent
35%
X – father of Luna Lovegood Xenophilius
23%
E – intergovernmental space exploration organisation that sent JUICE towards Jupiter in 2023 European Space Agency
21%
M – capital city about half-way between Dar es Salaam and Antananarivo Moroni
19%
No matching quizzes found
Score Distribution
Percent of People with Each Score
Percentile by Number Answered
Your Score History
You have not taken this quiz